Recent developments, status and gaps in Participatory watershed management education and training in Asia
Gardado en:
| Formato: | Libro |
|---|---|
| Idioma: | Undetermined |
| Publicado: |
Nepal
FAO
1996
|
| Những chủ đề: | |
| Các nhãn: |
Engadir etiqueta
Sen Etiquetas, Sexa o primeiro en etiquetar este rexistro!
|
| Thư viện lưu trữ: | Trung tâm Học liệu Trường Đại học Cần Thơ |
|---|
| LEADER | 00640nam a2200193Ia 4500 | ||
|---|---|---|---|
| 001 | CTU_123079 | ||
| 008 | 210402s9999 xx 000 0 und d | ||
| 082 | |a 631.4 | ||
| 082 | |b R295 | ||
| 245 | 0 | |a Recent developments, status and gaps in Participatory watershed management education and training in Asia | |
| 245 | 0 | |c Edited by Prem N. Sharma; Participatory Watershed Management Training in Asia Program. | |
| 260 | |a Nepal | ||
| 260 | |b FAO | ||
| 260 | |c 1996 | ||
| 650 | |a Watershed management | ||
| 650 | |x Study and teaching. | ||
| 650 | |z Asia | ||
| 904 | |i M.Loan, H.Mai | ||
| 980 | |a Trung tâm Học liệu Trường Đại học Cần Thơ | ||